Análisis del nivel de servicio del transporte público en buses de acuerdo a su accesibilidad en el Area Metropolitana de San José
Salvato in:
| Autore principale: | |
|---|---|
| Natura: | Libro |
| Lingua: | Spanish |
| Pubblicazione: |
[San José], Costa Rica
2015
|
| Soggetti: | |
| Tags: |
Aggiungi Tag
Nessun Tag, puoi essere il primo ad aggiungerne!!
|
MARC
| LEADER | 00000nam a22000007a 4500 | ||
|---|---|---|---|
| 003 | 012291 | ||
| 005 | 20221231143934.0 | ||
| 008 | 151113b2015 cr a|||| |||| 00| | spa d | ||
| 040 | |c cru CEDI | ||
| 090 | |a TFG 7455 | ||
| 100 | |9 2316 |a Rodríguez González, Matt Bryan | ||
| 245 | |a Análisis del nivel de servicio del transporte público en buses de acuerdo a su accesibilidad en el Area Metropolitana de San José | ||
| 260 | |a [San José], Costa Rica |c 2015 | ||
| 500 | |a Proyecto de graduación (licenciatura en ingeniería civil)--Universidad de Costa Rica. Facultad de Ingeniería. Escuela de Ingeniería Civil | ||
| 650 | |x TRANSPORTE PUBLICO - ADMINISTRACION |x TRANSPORTE |x TRANSPORTE URBANO - COSTA RICA |x AREA METROPOLITANA DE SAN JOSE (COSTA RICA) |x TRANSPORTE URBANO |9 2317 | ||
| 942 | |c TFG | ||
| 999 | |c 14515 |d 14515 | ||
